[Event "Landesliga Sued 1718"]
[Site "Bayern"]
[Date "2018.03.18"]
[Round "8.5"]
[White "Pitschka, Claus"]
[Black "Andronoudis, Dimitrios"]
[Result "1-0"]
[WhiteElo "2232"]
[BlackElo "2129"]
[PlyCount "99"]
[EventDate "2017.10.22"]
[EventType "team-tourn"]
[EventRounds "9"]
[EventCountry "GER"]
[SourceTitle "EXT 2022"]
[Source "ChessBase"]
[SourceDate "2021.10.06"]
[SourceVersion "1"]
[SourceVersionDate "2021.10.06"]
[SourceQuality "1"]
[WhiteTeam "Garching II"]
[BlackTeam "Muenchen Tarrasch"]
[WhiteTeamCountry "GER"]
[BlackTeamCountry "GER"]

1. d4 d5 2. Bf4 Nf6 3. e3 g6 4. Nc3 Bg7 5. h4 c6 6. Be2 h6 7. Qd2 Qa5 8. a3 Na6 9. Be5 b5 10. Ne4 Qb6 11. Nxf6+ Bxf6 12. Bxf6 exf6 13. Bd3 0-0 14. Ne2 c5 15. c3 Rb8 16. h5 g5 17. Ng3 b4 18. axb4 cxb4 19. Nf5 Bxf5 20. Rxa6 bxc3 21. bxc3 Qxa6 22. Bxa6 Rb1+ 23. Ke2 Rxh1 24. Bb7 Rb8 25. Bxd5 Rhb1 26. e4 R1b2 27. exf5 a5 28. Bc6 Kf8 29. c4 R8b4 30. Qxb2 Rxb2+ 31. Kd3 Ke7 32. c5 Rxf2 33. d5 Rf4 34. d6+ Kd8 35. g3 Rxf5 36. Kc4 Rf1 37. Kb5 Rb1+ 38. Kxa5 f5 39. Bb5 Rd1 40. Kb6 f4 41. gxf4 g4 42. c6 Rxd6 43. Kb7 Rd5 44. c7+ Ke7 45. Bc6 Rd8 46. cxd8Q+ Kxd8 47. Kb6 Ke7 48. Kc5 Kf6 49. Kd4 g3 50. Ke3 1-0

[Event "Landesliga Sued 1718"]
[Site "Bayern"]
[Date "2017.10.22"]
[Round "1.4"]
[White "Andronoudis, Dimitrios"]
[Black "Reimann, Sebastian"]
[Result "1/2-1/2"]
[WhiteElo "2129"]
[BlackElo "2107"]
[PlyCount "88"]
[EventDate "2017.10.22"]
[EventType "team-tourn"]
[EventRounds "9"]
[EventCountry "GER"]
[SourceTitle "EXT 2022"]
[Source "ChessBase"]
[SourceDate "2021.10.06"]
[SourceVersion "1"]
[SourceVersionDate "2021.10.06"]
[SourceQuality "1"]
[WhiteTeam "Muenchen Tarrasch"]
[BlackTeam "Kriegshaber SK"]
[WhiteTeamCountry "GER"]
[BlackTeamCountry "GER"]

1. e4 c5 2. Nc3 d6 3. Nge2 Nf6 4. d4 cxd4 5. Nxd4 g6 6. Be3 Bg7 7. f3 0-0 8. Qd2 Nc6 9. Bc4 Bd7 10. 0-0-0 Rc8 11. Bb3 Ne5 12. h4 h5 13. Bh6 Bxh6 14. Qxh6 Rxc3 15. bxc3 Qa5 16. g4 Rc8 17. gxh5 Nxh5 18. Rhg1 Nc4 19. Bxc4 Rxc4 20. Ne2 Ng7 21. Rd5 Rc5 22. h5 Qa3+ 23. Kd2 Rxd5+ 24. exd5 Qxa2 25. hxg6 Qxd5+ 26. Nd4 Qh5 27. gxf7+ Qxf7 28. Rh1 Kf8 29. Qh8+ Qg8 30. f4 Qxh8 31. Rxh8+ Kf7 32. Rb8 Bc6 33. Ra8 Ne6 34. Ke3 Nc7 35. Rxa7 Nd5+ 36. Kf3 Nxc3+ 37. Nxc6 bxc6 38. Ra6 c5 39. Kg4 Nd5 40. Kg5 Nb4 41. Ra7 Nxc2 42. f5 Nd4 43. f6 Ne6+ 44. Kf5 Nd4+ 1/2-1/2

[Event "Landesliga Sued 1617"]
[Site "Bayern"]
[Date "2017.04.02"]
[Round "8.5"]
[White "Krstic, Petar"]
[Black "Andronoudis, Dimitrios"]
[Result "1-0"]
[WhiteElo "2334"]
[BlackElo "2366"]
[PlyCount "117"]
[EventDate "2016.10.16"]
[EventType "team-tourn"]
[EventRounds "9"]
[EventCountry "GER"]
[SourceTitle "EXT 2019"]
[Source "ChessBase"]
[SourceDate "2018.10.10"]
[SourceVersion "1"]
[SourceVersionDate "2018.10.10"]
[SourceQuality "1"]
[WhiteTeam "Deggendorf"]
[BlackTeam "Muenchen Tarrasch"]
[WhiteTeamCountry "GER"]
[BlackTeamCountry "GER"]

1. d4 Nf6 2. Nf3 e6 3. Bf4 b6 4. e3 Bb7 5. Nbd2 Be7 6. Bd3 0-0 7. c3 c5 8. h3 Nc6 9. 0-0 d5 10. Bg3 g6 11. Qb1 cxd4 12. exd4 Nh5 13. Bh2 Bd6 14. Bxd6 Qxd6 15. Re1 Nf4 16. g3 Nxd3 17. Qxd3 f6 18. Rad1 e5 19. dxe5 Nxe5 20. Qe2 Rae8 21. Nd4 Qd7 22. Qf1 Nf7 23. Kh2 Nd6 24. f3 Re5 25. f4 Rxe1 26. Rxe1 Ne4 27. N2f3 Rc8 28. Re3 Qa4 29. Qb5 Bc6 30. Qxa4 Bxa4 31. Ne1 Bd7 32. Nec2 a5 33. Re2 Kf7 34. Ne3 Be6 35. g4 Ke7 36. f5 Bf7 37. fxg6 hxg6 38. Ng2 Kd6 39. Nf4 Ke5 40. Nd3+ Kd6 41. Kg2 Kd7 42. Re1 Re8 43. Rf1 Be6 44. Nxe6 Kxe6 45. Nf4+ Kf7 46. Nxd5 Rd8 47. Rd1 Rd6 48. Rd4 Nc5 49. Ne3 Re6 50. Kf3 Rc6 51. h4 Ne6 52. Rd7+ Ke8 53. Rb7 Kf8 54. Nd5 Nc5 55. Rxb6 Rxb6 56. Nxb6 Nd3 57. Nc4 a4 58. Ke3 Ne1 59. h5 1-0

[Event "Landesliga Sued 1617"]
[Site "Bayern"]
[Date "2016.11.20"]
[Round "2.5"]
[White "Mueller, Marcus"]
[Black "Andronoudis, Dimitrios"]
[Result "0-1"]
[WhiteElo "2159"]
[BlackElo "2366"]
[PlyCount "52"]
[EventDate "2016.10.16"]
[EventType "team-tourn"]
[EventRounds "9"]
[EventCountry "GER"]
[SourceTitle "EXT 2019"]
[Source "ChessBase"]
[SourceDate "2018.10.10"]
[SourceVersion "1"]
[SourceVersionDate "2018.10.10"]
[SourceQuality "1"]
[WhiteTeam "Garching II"]
[BlackTeam "Muenchen Tarrasch"]
[WhiteTeamCountry "GER"]
[BlackTeamCountry "GER"]

1. Nf3 d5 2. c4 e6 3. g3 Nf6 4. Bg2 Be7 5. 0-0 0-0 6. d4 dxc4 7. Qc2 a6 8. Qxc4 b5 9. Qc2 Bb7 10. Bg5 Nbd7 11. Nbd2 h6 12. Bxf6 Nxf6 13. Rfc1 Rc8 14. Nb3 Be4 15. Qd1 Nd7 16. Qe1 c5 17. dxc5 Nxc5 18. Nxc5 Bxc5 19. b4 Be7 20. Rxc8 Qxc8 21. Rc1 Qb7 22. Qc3 Rd8 23. Ne1 Bxg2 24. Nxg2 Qe4 25. a3 Qxe2 26. Qc6 Rd1+ 0-1